<?xml version="1.0" encoding="UTF-8"?>
<record
    xmlns:xsi="http://www.w3.org/2001/XMLSchema-instance"
    xsi:schemaLocation="http://www.loc.gov/MARC21/slim http://www.loc.gov/standards/marcxml/schema/MARC21slim.xsd"
    xmlns="http://www.loc.gov/MARC21/slim">

  <leader>01715nam a22002537a 4500</leader>
  <controlfield tag="003">NALT</controlfield>
  <controlfield tag="005">20260206140813.0</controlfield>
  <controlfield tag="008">240207b        th ||||| |||| 00| 0 tha d</controlfield>
  <datafield tag="040" ind1=" " ind2=" ">
    <subfield code="a">NALT</subfield>
  </datafield>
  <datafield tag="090" ind1=" " ind2=" ">
    <subfield code="a">IS 13/2564 34</subfield>
  </datafield>
  <datafield tag="100" ind1="0" ind2=" ">
    <subfield code="9">62878</subfield>
    <subfield code="a">&#xE40;&#xE17;&#xE27;&#xE34;&#xE19;&#xE17;&#xE23;&#xE4C; &#xE40;&#xE01;&#xE29;&#xE15;&#xE23;&#xE30;&#xE01;&#xE39;&#xE25;</subfield>
  </datafield>
  <datafield tag="245" ind1="1" ind2="0">
    <subfield code="a">&#xE41;&#xE19;&#xE27;&#xE04;&#xE27;&#xE32;&#xE21;&#xE04;&#xE34;&#xE14;&#xE01;&#xE32;&#xE23;&#xE08;&#xE31;&#xE14;&#xE17;&#xE33;&#xE1B;&#xE23;&#xE30;&#xE21;&#xE27;&#xE25;&#xE01;&#xE0E;&#xE2B;&#xE21;&#xE32;&#xE22;&#xE41;&#xE1A;&#xE1A;&#xE43;&#xE2B;&#xE21;&#xE48; : &#xE28;&#xE36;&#xE01;&#xE29;&#xE32;&#xE01;&#xE23;&#xE30;&#xE1A;&#xE27;&#xE19;&#xE01;&#xE32;&#xE23;&#xE08;&#xE31;&#xE14;&#xE17;&#xE33;&#xE41;&#xE25;&#xE30;&#xE01;&#xE32;&#xE23;&#xE43;&#xE2B;&#xE49;&#xE04;&#xE27;&#xE32;&#xE21;&#xE40;&#xE2B;&#xE47;&#xE19;&#xE0A;&#xE2D;&#xE1A;&#xE43;&#xE2B;&#xE49;&#xE1B;&#xE23;&#xE30;&#xE01;&#xE32;&#xE28;&#xE43;&#xE0A;&#xE49;&#xE1B;&#xE23;&#xE30;&#xE21;&#xE27;&#xE25;&#xE01;&#xE0E;&#xE2B;&#xE21;&#xE32;&#xE22;&#xE41;&#xE25;&#xE30;&#xE01;&#xE0E;&#xE15;&#xE32;&#xE21;&#xE23;&#xE48;&#xE32;&#xE07;&#xE1E;&#xE23;&#xE30;&#xE23;&#xE32;&#xE0A;&#xE1A;&#xE31;&#xE0D;&#xE0D;&#xE31;&#xE15;&#xE34;&#xE01;&#xE32;&#xE23;&#xE08;&#xE31;&#xE14;&#xE17;&#xE33;&#xE10;&#xE32;&#xE19;&#xE02;&#xE49;&#xE2D;&#xE21;&#xE39;&#xE25;&#xE01;&#xE0E;&#xE2B;&#xE21;&#xE32;&#xE22;&#xE41;&#xE25;&#xE30;&#xE1B;&#xE23;&#xE30;&#xE21;&#xE27;&#xE25;&#xE01;&#xE0E;&#xE2B;&#xE21;&#xE32;&#xE22;&#xE41;&#xE25;&#xE30;&#xE01;&#xE0E;&#xE41;&#xE1A;&#xE1A;&#xE15;&#xE48;&#xE2D;&#xE40;&#xE19;&#xE37;&#xE48;&#xE2D;&#xE07; &#xE1E;.&#xE28;. .... (&#xE09;&#xE1A;&#xE31;&#xE1A;&#xE23;&#xE31;&#xE1A;&#xE1F;&#xE31;&#xE07;&#xE04;&#xE27;&#xE32;&#xE21;&#xE04;&#xE34;&#xE14;&#xE40;&#xE2B;&#xE47;&#xE19;) /</subfield>
    <subfield code="c">&#xE40;&#xE17;&#xE27;&#xE34;&#xE19;&#xE17;&#xE23;&#xE4C; &#xE40;&#xE01;&#xE29;&#xE15;&#xE23;&#xE30;&#xE01;&#xE39;&#xE25; ; &#xE2A;&#xE16;&#xE32;&#xE1A;&#xE31;&#xE19;&#xE1E;&#xE23;&#xE30;&#xE1B;&#xE01;&#xE40;&#xE01;&#xE25;&#xE49;&#xE32;.</subfield>
  </datafield>
  <datafield tag="260" ind1=" " ind2=" ">
    <subfield code="a">&#xE01;&#xE23;&#xE38;&#xE07;&#xE40;&#xE17;&#xE1E;&#xE2F; :</subfield>
    <subfield code="b">&#xE2A;&#xE16;&#xE32;&#xE1A;&#xE31;&#xE19;&#xE1E;&#xE23;&#xE30;&#xE1B;&#xE01;&#xE40;&#xE01;&#xE25;&#xE49;&#xE32;,</subfield>
    <subfield code="c">2564.</subfield>
  </datafield>
  <datafield tag="300" ind1=" " ind2=" ">
    <subfield code="a">69 &#xE2B;&#xE19;&#xE49;&#xE32; ;</subfield>
    <subfield code="c">29 &#xE0B;&#xE21;.</subfield>
  </datafield>
  <datafield tag="650" ind1=" " ind2="4">
    <subfield code="9">28795</subfield>
    <subfield code="a">&#xE01;&#xE32;&#xE23;&#xE22;&#xE01;&#xE23;&#xE48;&#xE32;&#xE07;&#xE01;&#xE0E;&#xE2B;&#xE21;&#xE32;&#xE22;</subfield>
  </datafield>
  <datafield tag="653" ind1=" " ind2="4">
    <subfield code="a">&#xE01;&#xE32;&#xE23;&#xE08;&#xE31;&#xE14;&#xE17;&#xE33;&#xE1B;&#xE23;&#xE30;&#xE21;&#xE27;&#xE25;&#xE01;&#xE0E;&#xE2B;&#xE21;&#xE32;&#xE22;&#xE41;&#xE1A;&#xE1A;&#xE43;&#xE2B;&#xE21;&#xE48;</subfield>
  </datafield>
  <datafield tag="710" ind1="2" ind2=" ">
    <subfield code="9">2339</subfield>
    <subfield code="a">&#xE2A;&#xE16;&#xE32;&#xE1A;&#xE31;&#xE19;&#xE1E;&#xE23;&#xE30;&#xE1B;&#xE01;&#xE40;&#xE01;&#xE25;&#xE49;&#xE32;</subfield>
  </datafield>
  <datafield tag="850" ind1=" " ind2=" ">
    <subfield code="a">NALT</subfield>
  </datafield>
  <datafield tag="942" ind1=" " ind2=" ">
    <subfield code="c">IS</subfield>
    <subfield code="2">local</subfield>
  </datafield>
  <datafield tag="996" ind1=" " ind2=" ">
    <subfield code="a">chunbijaya.r</subfield>
    <subfield code="b">CATSTF	</subfield>
    <subfield code="c">2024-02-07</subfield>
  </datafield>
  <datafield tag="996" ind1=" " ind2=" ">
    <subfield code="a">saiphon.d</subfield>
    <subfield code="b">CATSTF	</subfield>
    <subfield code="c">2024-02-19</subfield>
  </datafield>
  <datafield tag="999" ind1=" " ind2=" ">
    <subfield code="c">104456</subfield>
    <subfield code="d">104456</subfield>
  </datafield>
  <datafield tag="998" ind1=" " ind2=" ">
    <subfield code="j">8</subfield>
    <subfield code="k"> &#xE19;&#xE32;&#xE22;&#xE1A;&#xE31;&#xE13;&#xE11;&#xE34;&#xE15;  &#xE2D;&#xE38;&#xE17;&#xE32;&#xE27;&#xE07;&#xE04;&#xE4C;</subfield>
  </datafield>
  <datafield tag="952" ind1=" " ind2=" ">
    <subfield code="0">0</subfield>
    <subfield code="1">0</subfield>
    <subfield code="2">local</subfield>
    <subfield code="4">0</subfield>
    <subfield code="7">0</subfield>
    <subfield code="8">CIS</subfield>
    <subfield code="a">NALT</subfield>
    <subfield code="b">NALT</subfield>
    <subfield code="c">IS</subfield>
    <subfield code="d">2024-02-07</subfield>
    <subfield code="l">1</subfield>
    <subfield code="o">IS 13/2564 34</subfield>
    <subfield code="p">3961222527</subfield>
    <subfield code="r">2026-02-13 00:00:00</subfield>
    <subfield code="s">2026-02-06</subfield>
    <subfield code="w">2024-02-07</subfield>
    <subfield code="y">IS</subfield>
  </datafield>
</record>
